Missing Word: Guardians of the Galaxy Actors Quiz Stats

 Plays Quiz Updated Sep 26, 2014

Challenge
Share
Tweet
Embed
Score 0/24 Timer 04:00
0 Plays Today
Hint Answer % Correct
Vin DieselFurious
96.7%
Vin DieselSaving
96.4%
Djimon HounsouTrain
92.6%
Glenn CloseAir
91.2%
Chris PrattDark
90.9%
Glenn CloseFatal
90.2%
Bradley CooperPlaybook
86.1%
Zoe SaldanaPoint
85.9%
Glenn CloseWives
82.3%
Bradley CooperAbout
81.8%
Glenn CloseAccording
79.8%
Zoe SaldanaCurse
79.8%
Hint Answer % Correct
Djimon HounsouBlood
78.5%
Zoe SaldanaDarkness
76.9%
Bradley CooperFailure
75.1%
Zoe SaldanaDeath
72.4%
Vin DieselChronicles
69.6%
Chris PrattEngagement
52.5%
Djimon HounsouNever
49.1%
Bradley CooperPlace
44.5%
Vin DieselMe
41.4%
Chris PrattNumber
38.7%
Chris PrattStrangers
36.7%
Djimon HounsouShop
9%

Today's Daily Dose

Missing Word
Bible Verses

Quick Pick
Brad Pitt Roles

On This Day
July 21st II

You're not logged in!

Compare scores with friends on all Sporcle quizzes.
Join for Free
OR
Log In

You Might Also Like...

Show Comments

Extras

Top Quizzes Today


Score Distribution

Your Account Isn't Verified!

In order to create a playlist on Sporcle, you need to verify the email address you used during registration. Go to your Sporcle Settings to finish the process.

Report this User

Report this user for behavior that violates our Community Guidelines.

Details: